000 00618nam a2200229 a 4500
005 20140310183452.0
008 090304s19uu xx 00 eng d
020 _a9780071265546
050 _aHD 30.22
_b.T361m 2008
100 _aThomas, Christopher R.
245 _aManagerial economics. /
_cChristopher R. Thomas
250 _a9th ed.
260 _aBoston, U.S.A :
_bMcGraw-Hill,
_c2008.
300 _a746 p. :
_bill. ;
_c24 cm.
521 _aBSBA
650 _aBSBA.
650 _aManagerial economics.
700 _aMaurice, Charles S.
942 _cBK
_2lcc
_kFOR
999 _c23448
_d23448